书目信息 |
| 题名: |
樊登讲论语
|
|
| 作者: | 樊登 著 | |
| 分册: | ||
| 出版信息: | 北京 北京联合出版公司 2021.09 |
|
| 页数: | 437页 | |
| 开本: | 24cm | |
| 丛书名: | ||
| 单 册: | ||
| 中图分类: | B222.2-49 , B222.2 | |
| 科图分类: | ||
| 主题词: | 儒家--ru jia--通俗读物 | |
| 电子资源: | ||
| ISBN: | 978-7-5596-5284-3 | |
| 000 | 01103nam0 2200289 450 | |
| 001 | CAL 004189608 | |
| 005 | 20230308163036.30 | |
| 010 | @a978-7-5596-5284-3@b精装@dCNY88.00 | |
| 100 | @a20211009d2021 em y0chiy0120 ea | |
| 101 | 0 | @achi |
| 102 | @aCN@b110000 | |
| 105 | @aa a 000yy | |
| 106 | @ar | |
| 200 | 1 | @a樊登讲论语@Afan deng jiang lun yu@e先进@f樊登著 |
| 210 | @a北京@c北京联合出版公司@d2021.09 | |
| 215 | @a437页@c图@d24cm | |
| 314 | @a樊登, “樊登读书”创始人。西安交通大学本硕、北京师范大学博士。1999年国际大专辩论赛冠军。曾在中央电视台主持《12演播室》《三星智力快车》等节目。 | |
| 320 | @a有书目 (第429-433页) | |
| 330 | @a本书以《论语》下半部首篇“先进”二字为题, 演绎下半部《论语》。“先进”意味着从传统文化中汲取新的力量。内容包括: 后进于礼乐, 君子也: 从底层开始成长 ; 皆不及门: 被遗忘的老师等。 | |
| 517 | 1 | @a先进@Axian jin |
| 605 | @a《论语》@A《 lun yu 》@j通俗读物 | |
| 606 | 0 | @a儒家@Aru jia@j通俗读物 |
| 690 | @aB222.2-49@v5 | |
| 690 | @aB222.2@v4 | |
| 701 | 0 | @a樊登@Afan deng@4著 |
| 801 | 0 | @aCN@bBJXHXP@c20230308 |
| 905 | @b1408464-7@dB222.2@e1085:2@f4 | |
| 樊登讲论语:先进/樊登著.-北京:北京联合出版公司,2021.09 |
| 437页:图;24cm |
| ISBN 978-7-5596-5284-3(精装):CNY88.00 |
| 本书以《论语》下半部首篇“先进”二字为题, 演绎下半部《论语》。“先进”意味着从传统文化中汲取新的力量。内容包括: 后进于礼乐, 君子也: 从底层开始成长 ; 皆不及门: 被遗忘的老师等。 |
| ● |
| 相关链接 |
|
|
|
|
正题名:樊登讲论语
索取号:B222.2/1085:2
 
预约/预借
| 序号 | 登录号 | 条形码 | 馆藏地/架位号 | 状态 | 备注 |
| 1 | 1408464 | 214084649 | 第一样本阅览室/ [索取号:B222.2/1085:2] | 在馆 | |
| 2 | 1408465 | 214084658 | 第一借阅区/ [索取号:B222.2/1085:2] | 在馆 | |
| 3 | 1408466 | 214084667 | 第一借阅区/ [索取号:B222.2/1085:2] | 在馆 | |
| 4 | 1408467 | 214084676 | 第一借阅区/ [索取号:B222.2/1085:2] | 在馆 |